[Event "?"]
[Site "Kropotkin, RUS"]
[Date "1995.??.??"]
[Round "1"]
[White "Giorgadze, Giorgi"]
[Black "Poluljahov, Aleksandr"]
[Result "1-0"]
[WhiteElo "2590"]
[BlackElo "2450"]

1.d4 Nf6 2.c4 g6 3.Nc3 Bg7 4.e4 d6 5.Nf3 O-O 6.Be2 e5 7.Be3 c6 8.d5 Ng4
9.Bg5 f6 10.Bh4 Na6 11.Nd2 h5 12.h3 Nh6 13.g4 hxg4 14.hxg4 Nf7 15.Nb3 c5
16.Nc1 Bh6 17.Nd3 Kg7 18.Kf1 Bg5 19.Bg3 Bd7 20.Kg2 Nb4 21.Nxb4 cxb4
22.Nb1 f5 23.a3 Qf6 24.axb4 Nh6 25.Nd2 f4 26.Bh2 f3+ 27.Nxf3 Bxg4
28.Ra3 Bf4 29.Bxf4 Qxf4 30.Qc1 b6 31.Qe3 Qxe3 32.Rxe3 Rac8 33.Ng5 Bd7
34.Ra3 Rc7 35.Rha1 Nf7 36.Ne6+ Bxe6 37.dxe6 Ng5 38.Rxa7 1-0

[Event "?"]
[Site "Kropotkin, RUS"]
[Date "1995.??.??"]
[Round "1"]
[White "Tseshkovsky, Vitaly"]
[Black "Portisch, Lajos"]
[Result "0-1"]
[WhiteElo "2530"]
[BlackElo "2585"]

1.e4 c5 2.Nc3 Nc6 3.Nf3 e6 4.d4 cxd4 5.Nxd4 a6 6.f4 Qc7 7.Nxc6 bxc6
8.e5 d5 9.exd6 Bxd6 10.Ne4 Be7 11.Qf3 Nf6 12.Bd2 Nxe4 13.Qxe4 Bf6
14.Bd3 Bb7 15.f5 c5 16.Qe2 Bh4+ 17.Kd1 e5 18.Kc1 O-O 19.Be4 Rad8
20.Bxb7 Qxb7 21.Bc3 Qc6 22.a3 Rfe8 23.Kb1 Bf6 24.Ka2 e4 25.Bxf6 Qxf6
26.g4 e3 27.Rad1 Rd4 28.c3 Rf4 29.Rhf1 Rfe4 30.Rf3 c4 31.Rg3 Qb6
32.g5 Rf4 33.Re1 Rfe4 34.Rd1 g6 35.f6 h5 36.gxh6 Rf4 37.Ra1 0-1

[Event "?"]
[Site "Kropotkin, RUS"]
[Date "1995.??.??"]
[Round "2"]
[White "Malaniuk, Vladimir P"]
[Black "Giorgadze, Giorgi"]
[Result "1/2-1/2"]
[WhiteElo "2615"]
[BlackElo "2590"]

1.e4 e5 2.Nf3 Nc6 3.Bb5 a6 4.Ba4 Nf6 5.O-O Be7 6.Re1 b5 7.Bb3 O-O 8.c3 d6
9.h3 Nb8 10.d4 Nbd7 11.Nbd2 Bb7 12.a4 c5 13.Bc2 Re8 14.Nf1 Bf8 15.Ng3 g6
16.dxe5 dxe5 17.b3 Qc7 18.Bb2 Bc6 19.Qe2 Qb7 20.Bc1 Nb6 1/2-1/2

[Event "?"]
[Site "Kropotkin, RUS"]
[Date "1995.??.??"]
[Round "2"]
[White "Portisch, Lajos"]
[Black "Tiviakov, Sergei"]
[Result "1/2-1/2"]
[WhiteElo "2585"]
[BlackElo "2625"]

1.d4 Nf6 2.c4 e6 3.Nf3 b6 4.e3 Bb7 5.Bd3 d5 6.b3 Nbd7 7.O-O Bd6 8.Bb2 O-O
9.Nc3 a6 10.Qc2 dxc4 11.bxc4 e5 12.Nd5 exd4 13.Bxd4 Re8 14.Rad1 h6
15.e4 Ng4 16.h3 Nge5 17.Nxe5 Bxe5 18.Be3 c6 19.Nc3 Nc5 20.Na4 1/2-1/2

[Event "?"]
[Site "Kropotkin, RUS"]
[Date "1995.??.??"]
[Round "3"]
[White "Giorgadze, Giorgi"]
[Black "Tseshkovsky, Vitaly"]
[Result "1/2-1/2"]
[WhiteElo "2590"]
[BlackElo "2530"]

1.d4 d6 2.c4 e5 3.Nf3 e4 4.Ng5 f5 5.Nh3 Nf6 6.Nc3 c6 7.e3 Be7 8.Nf4 O-O
9.Be2 g5 10.Nh5 Nxh5 11.Bxh5 Nd7 12.Be2 Nf6 13.d5 Nd7 14.dxc6 bxc6
15.Nd5 Ne5 16.Nxe7+ Qxe7 17.Bd2 f4 18.Bc3 Bf5 19.Qd4 c5 20.Qd5+ Be6
21.Qxe4 Bf5 22.Qd5+ Be6 23.Qe4 Bf5 1/2-1/2

[Event "?"]
[Site "Kropotkin, RUS"]
[Date "1995.??.??"]
[Round "3"]
[White "Lputian, Smbat G"]
[Black "Portisch, Lajos"]
[Result "1/2-1/2"]
[WhiteElo "2630"]
[BlackElo "2585"]

1.d4 Nf6 2.c4 e6 3.Nf3 d5 4.Nc3 Be7 5.Bg5 O-O 6.e3 h6 7.Bh4 b6 8.Be2 Bb7
9.Bxf6 Bxf6 10.cxd5 exd5 11.b4 c6 12.O-O Re8 13.Qb3 a5 14.bxa5 Rxa5
15.Rfe1 Re7 16.a4 Nd7 17.Bf1 Qe8 18.g3 g6 19.h4 h5 20.Bh3 Ra6 21.a5 b5
22.e4 dxe4 23.Rxe4 Rxe4 24.Bxd7 Qe7 25.Nxe4 Qxe4 26.Re1 Qd5 27.Re8+ Kg7
28.Qxd5 cxd5 29.Rb8 Ba8 30.Rxb5 Bd8 31.Ne5 Rxa5 32.Kg2 Rxb5
33.Bxb5 Bb6 1/2-1/2

[Event "?"]
[Site "Kropotkin, RUS"]
[Date "1995.??.??"]
[Round "3"]
[White "Tiviakov, Sergei"]
[Black "Poluljahov, Aleksandr"]
[Result "1/2-1/2"]
[WhiteElo "2625"]
[BlackElo "2450"]

1.e4 c5 2.Nf3 d6 3.d4 cxd4 4.Nxd4 Nf6 5.Nc3 a6 6.Be2 e5 7.Nb3 Be7 8.f4 O-O
9.g4 d5 10.Nxd5 Nxd5 11.exd5 Bh4+ 12.Kf1 f5 13.Kg2 Nd7 14.Rf1 b5
15.a4 Bb7 16.axb5 axb5 17.Rxa8 Qxa8 18.Kh3 Be7 19.fxe5 Nxe5 20.Rxf5 Rxf5
21.gxf5 Bxd5 22.Qf1 Qc8 23.Nd4 b4 24.Bf4 Bf6 25.Bg3 g5 26.Qf2 Qf8
27.Bxe5 Bxe5 28.Kg4 Qh6 29.Ne6 Bxe6 30.fxe6 Qxe6+ 31.Qf5 Qxf5+
32.Kxf5 Bxb2 1/2-1/2

[Event "?"]
[Site "Kropotkin, RUS"]
[Date "1995.??.??"]
[Round "4"]
[White "Tseshkovsky, Vitaly"]
[Black "Speelman, Jonathan S"]
[Result "0-1"]
[WhiteElo "2530"]
[BlackElo "2610"]

1.e4 c6 2.d4 d5 3.Nd2 dxe4 4.Nxe4 Nd7 5.Nf3 Ngf6 6.Ng3 c5 7.dxc5 e6
8.Ng5 Qc7 9.Bd3 Nxc5 10.O-O Bd7 11.Re1 Bc6 12.b4 Nxd3 13.Qxd3 Qd8
14.Qb3 Qd5 15.Qxd5 Bxd5 16.a3 Rc8 17.Be3 a6 18.Rac1 h6 19.Nh3 Bd6
20.Nf4 Bc4 21.Rcd1 Rc6 22.Nge2 Be7 23.Nd4 Rc7 24.Nb3 O-O 25.Nc5 Rfc8
26.h3 g5 27.Nfd3 Bxd3 28.Rxd3 Nd5 29.Bd4 b6 30.Na4 Rc6 31.g3 Bd8
32.c3 Kh7 33.Kg2 Kg6 34.Rb1 Bf6 35.b5 axb5 36.Rxb5 Bd8 37.Rb3 f6
38.Nb2 Ne7 39.c4 Nf5 0-1

[Event "?"]
[Site "Kropotkin, RUS"]
[Date "1995.??.??"]
[Round "4"]
[White "Lputian, Smbat G"]
[Black "Giorgadze, Giorgi"]
[Result "0-1"]
[WhiteElo "2630"]
[BlackElo "2590"]

1.d4 d5 2.c4 e6 3.Nc3 Bb4 4.Qb3 Nc6 5.Nf3 a5 6.e3 Nge7 7.Bd2 O-O 8.Rc1 a4
9.Qc2 a3 10.b3 e5 11.Nxd5 Nxd5 12.cxd5 Qxd5 13.Bxb4 Nxb4 14.Qd2 e4
15.Ne5 Qd6 16.Rc5 Nd5 17.Nc4 Qd8 18.Ra5 Be6 19.Rxa3 b5 20.Rxa8 Qxa8
21.Na5 b4 22.Nc4 Nc3 23.Ne5 Bxb3 24.Qb2 Bxa2 25.Qxb4 Rb8 26.Qxc3 Rb1+
27.Kd2 Bd5 28.Ba6 Rxh1 29.Qxc7 Ra1 30.Qc8+ Qxc8 31.Bxc8 Ra2+ 32.Ke1 Ra8
33.Bg4 Ra1+ 34.Kd2 Ra2+ 35.Ke1 Kf8 36.Nd7+ Ke7 37.Nb6 Bb3 38.Nc8+ Kd8
39.Nd6 Bd5 40.Bf5 Ra1+ 41.Ke2 Ke7 42.Nxe4 g6 43.Nc3 Bxg2 44.Bb1 Ra3
45.Kd2 Ra5 46.e4 Rh5 47.Nd5+ Kf8 48.Nf6 Rxh2 49.d5 h5 50.d6 Bh3
51.Ke3 Be6 52.Bd3 Rh1 53.f4 Rh3+ 54.Kd4 Rf3 55.f5 gxf5 56.Nxh5 fxe4
57.Bxe4 Rf1 58.Ke5 Ke8 59.Nf6+ Kd8 60.Bd3 Re1+ 61.Be4 Bh3 62.Kd4 Bc8
63.Ke5 Bb7 64.Kf5 Bxe4+ 65.Nxe4 Kd7 66.Kf4 Ke6 67.Ng5+ Kf6 68.Ne4+ Kg6
69.Nc5 Kg7 70.Ne4 Kf8 71.Kf5 Ke8 72.Nf6+ Kd8 73.Ne4 Rf1+ 74.Ke5 Kd7
75.Nf6+ Kc6 76.Ne4 Rf3 77.Nf6 Rf2 78.Ng8 Rf1 79.Ne7+ Kd7 80.Nf5 Rf2
81.Kf6 Ke8 82.Kg5 Rg2+ 83.Kf6 Rg6+ 84.Ke5 Kd7 85.Kd5 Re6 86.Kc4 Re5
87.Nh6 f6 88.Ng8 0-1

[Event "?"]
[Site "Kropotkin, RUS"]
[Date "1995.??.??"]
[Round "4"]
[White "Portisch, Lajos"]
[Black "Poluljahov, Aleksandr"]
[Result "1/2-1/2"]
[WhiteElo "2585"]
[BlackElo "2450"]

1.d4 Nf6 2.c4 e6 3.Nf3 b6 4.e3 Bb7 5.Bd3 c5 6.O-O g6 7.Nc3 Bg7 8.e4 cxd4
9.Nxd4 O-O 10.Be3 d6 11.f3 a6 12.Qd2 Nbd7 13.Rfd1 Rc8 14.Bf1 Re8
15.Rac1 Bf8 16.Kh1 Qc7 17.a3 Qb8 18.b4 Be7 19.Nb3 Rc6 20.Bg1 Ba8
21.Na4 h5 22.Qe3 Bd8 23.Qf2 Rc8 24.Nb2 Bb7 25.Qd2 Be7 26.Nd3 Ba8
27.Bd4 h4 28.Nf2 Nh5 29.Nh3 Ne5 30.Bb2 Rc7 31.c5 Rd8 32.cxd6 Rxd6
33.Qh6 Bf8 34.Qe3 Rxd1 35.Rxd1 Nc4 36.Bxc4 Rxc4 37.Qg5 Rc8 38.Be5 Qb7
39.Qxh4 Be7 40.Qf2 a5 41.Bb2 axb4 42.axb4 Qa6 43.Qd2 Qb5 44.Nf2 Qxb4
45.Qxb4 Bxb4 46.g4 Nf4 47.Be5 Ne2 48.g5 Bc6 49.Ra1 Ra8 50.Rb1 Ra3
51.Nd4 Nxd4 52.Bxd4 Bc5 53.Bxc5 bxc5 54.Rb6 Rxf3 55.Kg2 Rxf2+
56.Kxf2 Bxe4 57.Rb8+ Kg7 58.Rc8 Bd5 59.Ke3 Bb3 60.Rxc5 e5 61.Ke4 Be6 1/2-1/2

[Event "?"]
[Site "Kropotkin, RUS"]
[Date "1995.??.??"]
[Round "5"]
[White "Giorgadze, Giorgi"]
[Black "Portisch, Lajos"]
[Result "1/2-1/2"]
[WhiteElo "2590"]
[BlackElo "2585"]

1.d4 Nf6 2.c4 e6 3.Nc3 Bb4 4.e3 O-O 5.Bd3 d5 6.Nge2 dxc4 7.Bxc4 c5
8.O-O cxd4 9.Nxd4 a6 10.Be2 e5 11.Nb3 Qe7 12.Bd2 Nc6 13.a3 Bd6 14.e4 Nd4
15.Bg5 Nxe2+ 16.Qxe2 Be6 17.Nd2 1/2-1/2

[Event "?"]
[Site "Kropotkin, RUS"]
[Date "1995.??.??"]
[Round "5"]
[White "Poluljahov, Aleksandr"]
[Black "Malaniuk, Vladimir P"]
[Result "1/2-1/2"]
[WhiteElo "2450"]
[BlackElo "2615"]

1.d4 f5 2.g3 Nf6 3.Bg2 d6 4.Nf3 g6 5.O-O Bg7 6.c4 O-O 7.Nc3 Qe8 8.d5 a5
9.Ne1 Na6 10.Nd3 Bd7 11.Re1 Qf7 12.Nf4 Rab8 13.Be3 b6 14.Bd4 Nc5 15.e3 g5
16.Nfe2 e5 17.dxe6 Nxe6 18.Qd2 Kh8 19.f4 Rbe8 20.fxg5 Nxg5 21.Nd5 Nge4
22.Qd3 Be6 23.Nef4 Ng4 24.b3 Bc8 25.Rf1 Bb7 26.Rac1 c5 27.Bxg7+ Qxg7
28.Rc2 Re5 29.Bh1 b5 30.a4 b4 31.Nh5 Qf7 32.Nhf4 Rg8 33.Rg2 Nc3
34.Rd2 Ne4 35.Rg2 Rge8 36.Re2 Qg7 37.Nh5 Qf7 38.Nhf4 Ba8 39.Rg2 Bc6
40.Rc2 Bb7 41.Re2 Rg8 42.Rg2 1/2-1/2

[Event "?"]
[Site "Kropotkin, RUS"]
[Date "1995.??.??"]
[Round "5"]
[White "Speelman, Jonathan S"]
[Black "Lputian, Smbat G"]
[Result "0-1"]
[WhiteElo "2610"]
[BlackElo "2630"]

1.d4 d5 2.Nf3 Nf6 3.c4 e6 4.Bg5 Be7 5.e3 h6 6.Bh4 O-O 7.Nc3 b6 8.Be2 Bb7
9.Bxf6 Bxf6 10.cxd5 exd5 11.b4 c6 12.O-O a5 13.a3 Nd7 14.Qb3 Re8
15.Rad1 axb4 16.axb4 b5 17.Ne1 Nb6 18.Nd3 Bc8 19.Nc5 Bf5 20.Ra1 Be7
21.Ra2 Rxa2 22.Qxa2 Bd6 23.Ra1 Qh4 24.g3 Qg5 25.Bd3 Bxd3 26.Nxd3 Rxe3
27.fxe3 Qxe3+ 28.Qf2 Qxd3 29.Ne2 Bxb4 30.Ra7 Qb1+ 31.Kg2 Qe4+ 32.Qf3 Qe8
33.Nf4 Nc4 34.Qe2 Qxe2+ 35.Nxe2 Bd2 36.Rc7 Kf8 37.Kf3 b4 38.Nf4 Bc3
39.Nd3 b3 40.Ne5 Nxe5+ 41.dxe5 b2 42.Rb7 c5 43.Ke3 Bxe5 44.Kd3 c4+
45.Kc2 Ke8 46.g4 g5 47.h3 f6 48.Rb5 Bd4 49.Rb7 Kd8 50.Kb1 Kc8 0-1

[Event "?"]
[Site "Kropotkin, RUS"]
[Date "1995.??.??"]
[Round "6"]
[White "Tseshkovsky, Vitaly"]
[Black "Poluljahov, Aleksandr"]
[Result "1-0"]
[WhiteElo "2530"]
[BlackElo "2450"]

1.e4 c5 2.Nf3 d6 3.d4 cxd4 4.Nxd4 Nf6 5.Nc3 a6 6.Bc4 e6 7.Bb3 Nc6
8.Be3 Be7 9.Qe2 Qc7 10.O-O-O O-O 11.g4 Nxd4 12.Rxd4 b5 13.g5 Nd7
14.h4 Nc5 15.Kb1 Rb8 16.h5 a5 17.f3 a4 18.Nxb5 Qb6 19.Nc3 axb3
20.cxb3 Ba6 21.Qd2 Nxb3 22.axb3 Qxb3 23.Qc2 Qb7 24.h6 g6 25.Rh2 f6
26.gxf6 Bxf6 27.Rxd6 Be5 28.Rxe6 Rxf3 29.Rxe5 Rxe3 30.Rd5 Bc4 31.Qd2 Bxd5
32.Qxe3 Bb3 33.Qd4 Qc7 34.Nd5 Bxd5 35.Qxd5+ Qf7 36.Kc2 Rb7 37.Rf2 Qxd5
38.exd5 Rd7 39.Rd2 Kf7 40.Kc3 Ke7 41.Kd4 Kd6 42.Rf2 Rb7 43.Rf6+ Ke7
44.Re6+ Kd7 45.Ke5 Rxb2 46.Kf6 Rb5 47.Kg7 Rxd5 48.Re1 1-0

[Event "?"]
[Site "Kropotkin, RUS"]
[Date "1995.??.??"]
[Round "7"]
[White "Tiviakov, Sergei"]
[Black "Giorgadze, Giorgi"]
[Result "1/2-1/2"]
[WhiteElo "2625"]
[BlackElo "2590"]

1.e4 e5 2.Nf3 Nc6 3.Bb5 g6 4.c3 a6 5.Ba4 d6 6.d4 Bd7 7.O-O Bg7 8.Re1 b5
9.Bc2 Nf6 10.dxe5 Nxe5 11.Nxe5 dxe5 12.Be3 O-O 13.Nd2 Qe7 14.b4 Rfd8
15.Qe2 a5 16.Nb3 axb4 17.Bc5 Qe8 18.cxb4 Nh5 19.g3 Bh6 20.Be3 Bxe3
21.Qxe3 Qe7 22.Qc3 Be8 23.Na5 Rd4 24.a3 Rad8 25.Rac1 Qf6 26.Qxc7 Rd2
27.Rf1 Nf4 28.gxf4 Qf5 29.Qc3 R2d3 30.Bxd3 1/2-1/2

[Event "?"]
[Site "Kropotkin, RUS"]
[Date "1995.??.??"]
[Round "7"]
[White "Malaniuk, Vladimir P"]
[Black "Tseshkovsky, Vitaly"]
[Result "1/2-1/2"]
[WhiteElo "2615"]
[BlackElo "2530"]

1.d4 d6 2.e4 Nf6 3.Nc3 g6 4.Be2 Bg7 5.Nf3 O-O 6.O-O Nc6 7.Be3 Bg4
8.d5 Bxf3 9.Bxf3 Ne5 10.Be2 c6 11.f4 Ned7 12.dxc6 bxc6 13.Qd3 Qb8
14.a3 Rd8 15.Rad1 Ne8 16.b3 Nc7 17.Kh1 Qb7 18.Bg1 a5 19.h4 Ne6
20.Qh3 Nec5 21.e5 dxe5 22.f5 gxf5 23.Qxf5 Rf8 24.Rxd7 Nxd7 25.Bd3 e4
26.Qxe4 f5 27.Rxf5 Rxf5 28.Qxf5 Nf8 29.Ne4 e6 30.Qg5 Qf7 31.a4 h6
32.Qc5 Qd7 33.Bf2 Qd5 34.Qe7 Qd8 35.Qb7 Qc8 36.Qb6 Nd7 37.Qe3 Ne5
38.Be2 Qf8 39.Bg3 Rd8 40.Bf4 Qf5 41.Bxh6 Bxh6 42.Qxh6 Qxe4 43.Qg5+ 1/2-1/2